Principles Of Equity (Record no. 681706)

MARC details
000 -LEADER
fixed length control field 00335nam a2200133Ia 4500
008 - FIXED-LENGTH DATA ELEMENTS--GENERAL INFORMATION
fixed length control field 230627s9999 xx 000 0 und d
041 ## - LANGUAGE CODE
Language code of text/sound track or separate title eng
082 ## - DEWEY DECIMAL CLASSIFICATION NUMBER
Classification number 346.059
Item number SNE
100 ## - MAIN ENTRY--PERSONAL NAME
Personal name Snell,Megarry R
245 ## - TITLE STATEMENT
Title Principles Of Equity
250 ## - EDITION STATEMENT
Edition statement 27ed.
260 ## - PUBLICATION, DISTRIBUTION, ETC.
Place of publication, distribution, etc. London
Name of publisher, distributor, etc. Sweet And Maxwell Limited
Date of publication, distribution, etc. 1973
700 ## - ADDED ENTRY--PERSONAL NAME
Personal name Baker P.V.
Holdings
Withdrawn status Lost status Damaged status Not for loan Collection Home library Current library Date acquired Cost, normal purchase price Total Checkouts Full call number Barcode Date last seen Price effective from Koha item type
Withdrawn       NLP LL.B New Law College, Pune New Law College, Pune 31/03/1980 313.00   346.059 SNE NLP-N00868 17/07/2023 17/07/2023 Book